000 00921cam a2200313 4500
001 ABS66879
008 030731n2003 000 0 eng u
035 _a(Sirsi) u123153
245 _aFocus 2003: SE update - Beds, Herts and Essex
260 _c2003
490 _aEstates Gazette
_v(0327) 14 June 2003, 77-91(8)
590 _aABS
650 _aBEDFORDSHIRE
650 _aHERTFORDSHIRE
650 _aESSEX
650 _aSOUTHEAST ENGLAND
650 _aHEMEL HEMPSTEAD
650 _aHARLOW
650 _aBOREHAMWOOD
650 _aWATFORD
650 _aPROPERTY-COMMERCIAL PROPERTY-OFFICE PROPERTY-OFFICE PROPERTY MARKET
650 _aPROPERTY-COMMERCIAL PROPERTY-RETAIL PROPERTY-RETAIL PROPERTY MARKET
650 _aINDUSTRIAL MARKET
650 _aLAND SALES
650 _aTAKE UP
650 _aAVAILABILITY
690 _aPROPERTY-COMMERCIAL PROPERTY-COMMERCIAL PROPERTY MARKET
942 _n0
999 _c73136
_d73136